| 000 | 00677nam a22001937a 4500 | ||
|---|---|---|---|
| 003 | OSt | ||
| 005 | 20260202013303.0 | ||
| 008 | 260202b |||||||| |||| 00| 0 eng d | ||
| 020 | _a9781444000757 | ||
| 040 |
_aDWCL GS Library _cOC |
||
| 082 | _aFic. 652 2010 | ||
| 100 | _aCoats, Lucy | ||
| 245 | _athe one-eyed giant | ||
| 300 |
_a79 _bcolored illustrations _c20cm |
||
| 520 | _aAtticus the storyteller is on quest. As he travels, Atticus tells tales of fearful monsters and fabulous beasts, gods, and goddesses, heroes and heroines..... | ||
| 546 | _aEnglish | ||
| 700 | _aLucy Coats | ||
| 942 |
_2ddc _cFIC. _hFic. C652 2010 _n0 |
||
| 999 |
_c8081 _d8081 |
||